[Event "April 9 Late 2024"]
[Site "Chess.com"]
[Date "2024.04.09"]
[Round "3"]
[White "Chabris, Christopher"]
[Black "Palao, Adriana"]
[Result "1-0"]
[Board "190"]
[WhiteFideId "2005263"]
[BlackFideId "3805204"]
[WhiteTitle "CM"]
[BlackTitle "WCM"]
[WhiteElo "2342"]
[BlackElo "1973"]
[WhiteTeam "USA"]
[BlackTeam "PER"]
[WhiteClock "0:00:14"]
[BlackClock "0:00:00"]
[Variant "Standard"]

1. e4 {[%clk 0:03:00]}  e5 {[%clk 0:02:58]} 2. Nf3 {[%clk 0:02:57]}  Nc6 {[%clk 0:02:59]} 3. Nc3 {[%clk 0:02:56]}  Nf6 {[%clk 0:02:58]} 4. Bb5 {[%clk 0:02:57]}  Bc5 {[%clk 0:02:54]} 5. O-O {[%clk 0:02:53]}  O-O {[%clk 0:02:54]} 6. Nxe5 {[%clk 0:02:50]}  Nxe5 {[%clk 0:02:51]} 7. d4 {[%clk 0:02:50]}  Ng6 {[%clk 0:02:30]} 8. dxc5 {[%clk 0:02:44]}  Re8 {[%clk 0:02:30]} 9. Re1 {[%clk 0:02:40]}  Qe7 {[%clk 0:02:30]} 10. e5 {[%clk 0:02:21]}  h6 {[%clk 0:02:08]} 11. f4 {[%clk 0:01:49]}  Nh7 {[%clk 0:01:54]} 12. Be3 {[%clk 0:01:43]}  a6 {[%clk 0:01:44]} 13. Nd5 {[%clk 0:01:37]}  Qd8 {[%clk 0:01:43]} 14. Bd3 {[%clk 0:01:32]}  d6 {[%clk 0:01:40]} 15. cxd6 {[%clk 0:01:29]}  cxd6 {[%clk 0:01:40]} 16. Bb6 {[%clk 0:01:24]}  Qd7 {[%clk 0:01:35]} 17. Nc7 {[%clk 0:01:16]}  Nxf4 {[%clk 0:01:26]} 18. Nxe8 {[%clk 0:01:11]}  Qxe8 {[%clk 0:01:15]} 19. exd6 {[%clk 0:01:11]}  Qc6 {[%clk 0:01:13]} 20. Qf3 {[%clk 0:00:46]}  Qxb6+ {[%clk 0:01:08]} 21. Kh1 {[%clk 0:00:44]}  Ne6 {[%clk 0:00:48]} 22. Bxh7+ {[%clk 0:00:40]}  Kxh7 {[%clk 0:00:49]} 23. Qxf7 {[%clk 0:00:40]}  Qxd6 {[%clk 0:00:49]} 24. Rad1 {[%clk 0:00:39]}  Qc5 {[%clk 0:00:24]} 25. Qe8 {[%clk 0:00:33]}  b5 {[%clk 0:00:20]} 26. Rxe6 {[%clk 0:00:29]}  Bxe6 {[%clk 0:00:17]} 27. Qxa8 {[%clk 0:00:29]}  Qh5 {[%clk 0:00:13]} 28. Qe4+ {[%clk 0:00:26]}  Bf5 {[%clk 0:00:13]} 29. Qe1 {[%clk 0:00:25]}  Bxc2 {[%clk 0:00:12]} 30. Rc1 {[%clk 0:00:23]}  Bf5 {[%clk 0:00:11]} 31. Qf2 {[%clk 0:00:18]}  Qg5 {[%clk 0:00:09]} 32. Re1 {[%clk 0:00:18]}  Bb1 {[%clk 0:00:05]} 33. Rxb1 {[%clk 0:00:15]}  Qg6 {[%clk 0:00:05]} 34. Re1 {[%clk 0:00:14]}  Qg5 {[%clk 0:00:04]} 35. Rf1 {[%clk 0:00:14]}  Qd8 {[%clk 0:00:01]} 36. Qf5+ {[%clk 0:00:14]}  Kg8 {[%clk 0:00:00]} 37. Rc1 {[%clk 0:00:14]} 1-0

[Event "April 9 Late 2024"]
[Site "Chess.com"]
[Date "2024.04.09"]
[Round "3"]
[White "Saim, Mohamed Ilias"]
[Black "La Villa Rivas, Marlon Javier"]
[Result "0-1"]
[Board "191"]
[WhiteFideId "7900465"]
[BlackFideId "3519546"]
[WhiteTitle "FM"]
[BlackTitle "FM"]
[WhiteElo "2025"]
[BlackElo "2337"]
[WhiteTeam "ALG"]
[BlackTeam "CUB"]
[WhiteClock "0:00:37"]
[BlackClock "0:02:04"]
[Variant "Standard"]

1. a3 {[%clk 0:03:00]}  e5 {[%clk 0:02:55]} 2. c3 {[%clk 0:03:00]}  d5 {[%clk 0:02:55]} 3. d4 {[%clk 0:03:01]}  e4 {[%clk 0:02:55]} 4. Bf4 {[%clk 0:03:00]}  Bd6 {[%clk 0:02:53]} 5. Bxd6 {[%clk 0:03:00]}  Qxd6 {[%clk 0:02:53]} 6. e3 {[%clk 0:03:00]}  Nf6 {[%clk 0:02:51]} 7. Nd2 {[%clk 0:02:50]}  O-O {[%clk 0:02:47]} 8. c4 {[%clk 0:02:47]}  c6 {[%clk 0:02:46]} 9. Ne2 {[%clk 0:02:46]}  a5 {[%clk 0:02:45]} 10. Nf4 {[%clk 0:02:42]}  Nbd7 {[%clk 0:02:43]} 11. h4 {[%clk 0:02:38]}  Re8 {[%clk 0:02:39]} 12. Rb1 {[%clk 0:02:26]}  Nf8 {[%clk 0:02:37]} 13. Be2 {[%clk 0:02:11]}  Ne6 {[%clk 0:02:35]} 14. g3 {[%clk 0:02:07]}  c5 {[%clk 0:02:32]} 15. Nxd5 {[%clk 0:01:59]}  Nxd5 {[%clk 0:02:31]} 16. cxd5 {[%clk 0:01:59]}  Qxd5 {[%clk 0:02:32]} 17. Bc4 {[%clk 0:01:56]}  Qf5 {[%clk 0:02:31]} 18. dxc5 {[%clk 0:01:41]}  Nxc5 {[%clk 0:02:30]} 19. Nb3 {[%clk 0:01:19]}  Nd3+ {[%clk 0:02:22]} 20. Bxd3 {[%clk 0:01:18]}  exd3 {[%clk 0:02:23]} 21. Nd4 {[%clk 0:01:16]}  Qe4 {[%clk 0:02:20]} 22. Qf3 {[%clk 0:01:10]}  Qxd4 {[%clk 0:02:14]} 23. O-O {[%clk 0:01:01]}  Qg4 {[%clk 0:02:13]} 24. Qd5 {[%clk 0:00:59]}  Bf5 {[%clk 0:02:10]} 25. Kg2 {[%clk 0:00:52]}  Be4+ {[%clk 0:02:10]} 26. f3 {[%clk 0:00:49]}  Bxd5 {[%clk 0:02:10]} 27. e4 {[%clk 0:00:47]}  Bxe4 {[%clk 0:02:08]} 28. fxe4 {[%clk 0:00:46]}  Qxe4+ {[%clk 0:02:09]} 29. Kh3 {[%clk 0:00:46]}  d2 {[%clk 0:02:08]} 30. Rxf7 {[%clk 0:00:42]}  Kxf7 {[%clk 0:02:07]} 31. Rf1+ {[%clk 0:00:41]}  Kg6 {[%clk 0:02:07]} 32. b4 {[%clk 0:00:41]}  Qf5+ {[%clk 0:02:05]} 33. Kh2 {[%clk 0:00:37]}  Qxf1 {[%clk 0:02:04]} 34. h5+ {[%clk 0:00:38]}  Kxh5 {[%clk 0:02:03]} 35. g4+ {[%clk 0:00:39]}  Kxg4 {[%clk 0:02:03]} 36. bxa5 {[%clk 0:00:37]}  Qf2+ {[%clk 0:02:03]} 37. Kh1 {[%clk 0:00:37]}  d1=Q# {[%clk 0:02:04]} 0-1

[Event "April 9 Late 2024"]
[Site "Chess.com"]
[Date "2024.04.09"]
[Round "3"]
[White "Lutz, Igor Oscar"]
[Black "Dias, Simao Poscidonio"]
[Result "0-1"]
[Board "193"]
[WhiteFideId "2110806"]
[BlackFideId "2103648"]
[BlackTitle "FM"]
[WhiteElo "1971"]
[BlackElo "2324"]
[WhiteTeam "BRA"]
[BlackTeam "BRA"]
[WhiteClock "0:00:00"]
[BlackClock "0:00:10"]
[Variant "Standard"]

1. d4 {[%clk 0:02:51]}  Nf6 {[%clk 0:02:59]} 2. c4 {[%clk 0:02:49]}  e6 {[%clk 0:02:58]} 3. g3 {[%clk 0:02:48]}  Bb4+ {[%clk 0:02:58]} 4. Bd2 {[%clk 0:02:47]}  Be7 {[%clk 0:02:56]} 5. Nf3 {[%clk 0:02:45]}  O-O {[%clk 0:02:57]} 6. Bg2 {[%clk 0:02:44]}  d5 {[%clk 0:02:57]} 7. Qc2 {[%clk 0:02:42]}  b6 {[%clk 0:02:58]} 8. Ne5 {[%clk 0:02:40]}  Bb7 {[%clk 0:02:57]} 9. O-O {[%clk 0:02:38]}  Nfd7 {[%clk 0:02:57]} 10. cxd5 {[%clk 0:02:12]}  exd5 {[%clk 0:02:58]} 11. Bf4 {[%clk 0:02:05]}  c5 {[%clk 0:02:54]} 12. Rd1 {[%clk 0:01:58]}  Nxe5 {[%clk 0:02:53]} 13. Bxe5 {[%clk 0:01:58]}  Nd7 {[%clk 0:02:53]} 14. Bf4 {[%clk 0:01:52]}  c4 {[%clk 0:02:50]} 15. e4 {[%clk 0:01:48]}  dxe4 {[%clk 0:02:45]} 16. Bxe4 {[%clk 0:01:49]}  Bxe4 {[%clk 0:02:44]} 17. Qxe4 {[%clk 0:01:50]}  Nf6 {[%clk 0:02:43]} 18. Qc2 {[%clk 0:01:42]}  Rc8 {[%clk 0:02:42]} 19. Nc3 {[%clk 0:01:38]}  h6 {[%clk 0:02:37]} 20. Rd2 {[%clk 0:01:31]}  Bb4 {[%clk 0:02:26]} 21. d5 {[%clk 0:01:12]}  Bd6 {[%clk 0:02:19]} 22. Bxd6 {[%clk 0:01:08]}  Qxd6 {[%clk 0:02:20]} 23. Rad1 {[%clk 0:01:05]}  a6 {[%clk 0:02:18]} 24. Ne4 {[%clk 0:01:00]}  Nxe4 {[%clk 0:02:15]} 25. Qxe4 {[%clk 0:01:01]}  Rfe8 {[%clk 0:02:15]} 26. Qg4 {[%clk 0:00:52]}  Rc5 {[%clk 0:02:08]} 27. Rd4 {[%clk 0:00:50]}  b5 {[%clk 0:02:06]} 28. h4 {[%clk 0:00:43]}  Rd8 {[%clk 0:02:06]} 29. Qf3 {[%clk 0:00:39]}  Qe5 {[%clk 0:01:58]} 30. d6 {[%clk 0:00:36]}  g6 {[%clk 0:01:45]} 31. Qb7 {[%clk 0:00:34]}  a5 {[%clk 0:01:29]} 32. Rf4 {[%clk 0:00:33]}  Qe8 {[%clk 0:01:20]} 33. Qb6 {[%clk 0:00:18]}  Re5 {[%clk 0:01:17]} 34. Qc7 {[%clk 0:00:17]}  a4 {[%clk 0:00:51]} 35. g4 {[%clk 0:00:08]}  Rd7 {[%clk 0:00:46]} 36. Qc6 {[%clk 0:00:07]}  Qe6 {[%clk 0:00:42]} 37. Qc8+ {[%clk 0:00:06]}  Kg7 {[%clk 0:00:42]} 38. Qc6 {[%clk 0:00:05]}  Rd8 {[%clk 0:00:38]} 39. Qf3 {[%clk 0:00:05]}  f6 {[%clk 0:00:29]} 40. h5 {[%clk 0:00:05]}  Rxd6 {[%clk 0:00:27]} 41. Rxd6 {[%clk 0:00:04]}  Qxd6 {[%clk 0:00:27]} 42. hxg6 {[%clk 0:00:05]}  Qe6 {[%clk 0:00:16]} 43. Rf5 {[%clk 0:00:05]}  Re1+ {[%clk 0:00:14]} 44. Kg2 {[%clk 0:00:05]}  b4 {[%clk 0:00:12]} 45. Rb5 {[%clk 0:00:03]}  b3 {[%clk 0:00:11]} 46. Rb7+ {[%clk 0:00:03]}  Kxg6 {[%clk 0:00:11]} 47. axb3 {[%clk 0:00:03]}  axb3 {[%clk 0:00:11]} 48. Qc3 {[%clk 0:00:02]}  Qe4+ {[%clk 0:00:11]} 49. Qf3 {[%clk 0:00:00]}  Rg1+ {[%clk 0:00:10]} 0-1

[Event "April 9 Late 2024"]
[Site "Chess.com"]
[Date "2024.04.09"]
[Round "4"]
[White "Badacsonyi, Stanley"]
[Black "Troff, Kayden"]
[Result "1-0"]
[Board "17"]
[WhiteFideId "486973"]
[BlackFideId "2047896"]
[WhiteTitle "CM"]
[BlackTitle "GM"]
[WhiteElo "2577"]
[BlackElo "2879"]
[WhiteTeam "ENG"]
[BlackTeam "USA"]
[WhiteClock "0:01:30"]
[BlackClock "0:00:11"]
[Variant "Standard"]

1. d4 {[%clk 0:03:00]}  Nf6 {[%clk 0:02:59]} 2. Nc3 {[%clk 0:02:59]}  d5 {[%clk 0:02:58]} 3. Bf4 {[%clk 0:02:59]}  g6 {[%clk 0:02:54]} 4. e3 {[%clk 0:02:59]}  Bg7 {[%clk 0:02:53]} 5. h4 {[%clk 0:02:59]}  h6 {[%clk 0:02:51]} 6. Nf3 {[%clk 0:02:59]}  O-O {[%clk 0:02:49]} 7. Ne5 {[%clk 0:02:59]}  c5 {[%clk 0:02:48]} 8. Qd2 {[%clk 0:02:58]}  Nc6 {[%clk 0:02:45]} 9. f3 {[%clk 0:02:58]}  Nd7 {[%clk 0:02:24]} 10. Nxd5 {[%clk 0:02:54]}  Ndxe5 {[%clk 0:02:17]} 11. dxe5 {[%clk 0:02:54]}  Nxe5 {[%clk 0:02:18]} 12. O-O-O {[%clk 0:02:53]}  Be6 {[%clk 0:02:14]} 13. e4 {[%clk 0:02:53]}  h5 {[%clk 0:02:09]} 14. Qc3 {[%clk 0:02:51]}  Nd7 {[%clk 0:01:57]} 15. Qd2 {[%clk 0:02:49]}  Nb6 {[%clk 0:01:55]} 16. Bc7 {[%clk 0:02:39]}  Qe8 {[%clk 0:01:52]} 17. Bxb6 {[%clk 0:02:36]}  axb6 {[%clk 0:01:51]} 18. a3 {[%clk 0:02:37]}  Qa4 {[%clk 0:01:45]} 19. Qd3 {[%clk 0:02:31]}  Bxd5 {[%clk 0:01:35]} 20. exd5 {[%clk 0:02:31]}  c4 {[%clk 0:01:34]} 21. Qxc4 {[%clk 0:02:28]}  Bxb2+ {[%clk 0:01:33]} 22. Kd2 {[%clk 0:02:24]}  Qxa3 {[%clk 0:01:34]} 23. Bd3 {[%clk 0:02:23]}  Rfc8 {[%clk 0:01:25]} 24. Qe4 {[%clk 0:02:23]}  Ra4 {[%clk 0:01:21]} 25. Qe3 {[%clk 0:02:14]}  Bd4 {[%clk 0:01:18]} 26. Qg5 {[%clk 0:02:12]}  Bf6 {[%clk 0:01:16]} 27. Qe3 {[%clk 0:02:11]}  Qb4+ {[%clk 0:01:08]} 28. Ke2 {[%clk 0:02:10]}  Ra2 {[%clk 0:01:08]} 29. Qe4 {[%clk 0:02:06]}  Qd6 {[%clk 0:01:05]} 30. g4 {[%clk 0:02:04]}  hxg4 {[%clk 0:01:00]} 31. fxg4 {[%clk 0:02:04]}  b5 {[%clk 0:00:46]} 32. h5 {[%clk 0:02:03]}  Ra4 {[%clk 0:00:46]} 33. Qe3 {[%clk 0:02:00]}  Rxg4 {[%clk 0:00:40]} 34. hxg6 {[%clk 0:02:00]}  fxg6 {[%clk 0:00:26]} 35. Rdg1 {[%clk 0:01:57]}  Rxg1 {[%clk 0:00:26]} 36. Rxg1 {[%clk 0:01:57]}  Qe5 {[%clk 0:00:20]} 37. Rxg6+ {[%clk 0:01:56]}  Kf7 {[%clk 0:00:20]} 38. Qxe5 {[%clk 0:01:54]}  Bxe5 {[%clk 0:00:20]} 39. Rb6 {[%clk 0:01:53]}  Bd6 {[%clk 0:00:15]} 40. Rxb5 {[%clk 0:01:50]}  Rc7 {[%clk 0:00:16]} 41. Bf5 {[%clk 0:01:50]}  Kf6 {[%clk 0:00:16]} 42. Bd3 {[%clk 0:01:46]}  Ke5 {[%clk 0:00:16]} 43. Ke3 {[%clk 0:01:47]}  Bc5+ {[%clk 0:00:16]} 44. Ke2 {[%clk 0:01:46]}  Kxd5 {[%clk 0:00:14]} 45. Rb3 {[%clk 0:01:46]}  b6 {[%clk 0:00:12]} 46. c3 {[%clk 0:01:44]}  e5 {[%clk 0:00:12]} 47. Bg6 {[%clk 0:01:42]}  Rg7 {[%clk 0:00:12]} 48. Bf5 {[%clk 0:01:39]}  e4 {[%clk 0:00:12]} 49. Bh3 {[%clk 0:01:30]}  Kc4 {[%clk 0:00:11]} 50. Be6# {[%clk 0:01:30]} 1-0

[Event "April 9 Late 2024"]
[Site "Chess.com"]
[Date "2024.04.09"]
[Round "4"]
[White "Pasti, Aron"]
[Black "Svane, Rasmus"]
[Result "1/2-1/2"]
[Board "40"]
[WhiteFideId "785857"]
[BlackFideId "4657101"]
[WhiteTitle "IM"]
[BlackTitle "GM"]
[WhiteElo "2613"]
[BlackElo "2899"]
[WhiteTeam "HUN"]
[BlackTeam "GER"]
[WhiteClock "0:00:04"]
[BlackClock "0:00:04"]
[Variant "Standard"]

1. e4 {[%clk 0:03:00]}  c6 {[%clk 0:02:55]} 2. d4 {[%clk 0:03:00]}  d5 {[%clk 0:02:56]} 3. e5 {[%clk 0:03:01]}  Bf5 {[%clk 0:02:54]} 4. g4 {[%clk 0:03:01]}  Be4 {[%clk 0:02:53]} 5. f3 {[%clk 0:03:01]}  Bg6 {[%clk 0:02:54]} 6. e6 {[%clk 0:02:57]}  Qd6 {[%clk 0:02:54]} 7. exf7+ {[%clk 0:02:56]}  Bxf7 {[%clk 0:02:54]} 8. f4 {[%clk 0:02:56]}  Nd7 {[%clk 0:02:35]} 9. Nf3 {[%clk 0:02:56]}  Qe6+ {[%clk 0:02:35]} 10. Ne5 {[%clk 0:02:53]}  Nxe5 {[%clk 0:02:35]} 11. dxe5 {[%clk 0:02:52]}  g5 {[%clk 0:02:30]} 12. Nc3 {[%clk 0:02:44]}  gxf4 {[%clk 0:02:26]} 13. Bxf4 {[%clk 0:02:44]}  Bg7 {[%clk 0:02:25]} 14. Qe2 {[%clk 0:02:45]}  Nh6 {[%clk 0:02:03]} 15. O-O-O {[%clk 0:02:32]}  Bg6 {[%clk 0:01:57]} 16. Rg1 {[%clk 0:02:10]}  O-O {[%clk 0:01:45]} 17. Bg3 {[%clk 0:01:52]}  Qxg4 {[%clk 0:01:36]} 18. Qd2 {[%clk 0:01:52]}  Nf5 {[%clk 0:01:31]} 19. Be2 {[%clk 0:01:35]}  Qh3 {[%clk 0:01:00]} 20. Kb1 {[%clk 0:01:31]}  Bh6 {[%clk 0:01:00]} 21. Qe1 {[%clk 0:01:22]}  Ne3 {[%clk 0:00:50]} 22. Rd3 {[%clk 0:00:48]}  d4 {[%clk 0:00:44]} 23. Bf2 {[%clk 0:00:16]}  Qxh2 {[%clk 0:00:33]} 24. Ne4 {[%clk 0:00:17]}  Kh8 {[%clk 0:00:19]} 25. Bg3 {[%clk 0:00:05]}  Qh3 {[%clk 0:00:18]} 26. Rxd4 {[%clk 0:00:05]}  Nf5 {[%clk 0:00:18]} 27. Rd3 {[%clk 0:00:04]}  Nxg3 {[%clk 0:00:17]} 28. Rdxg3 {[%clk 0:00:04]}  Qh4 {[%clk 0:00:15]} 29. Bd3 {[%clk 0:00:03]}  Bf4 {[%clk 0:00:13]} 30. R3g2 {[%clk 0:00:01]}  Qxe1+ {[%clk 0:00:13]} 31. Rxe1 {[%clk 0:00:02]}  Bxe5 {[%clk 0:00:12]} 32. Ng5 {[%clk 0:00:01]}  Bxd3 {[%clk 0:00:07]} 33. cxd3 {[%clk 0:00:02]}  Bf6 {[%clk 0:00:07]} 34. Nxh7 {[%clk 0:00:03]}  Rf7 {[%clk 0:00:04]} 35. Nxf6 {[%clk 0:00:01]}  exf6 {[%clk 0:00:05]} 36. Rh1+ {[%clk 0:00:01]}  Rh7 {[%clk 0:00:05]} 37. Rf1 {[%clk 0:00:02]}  Rf8 {[%clk 0:00:05]} 38. Rg6 {[%clk 0:00:03]}  f5 {[%clk 0:00:05]} 39. Rg5 {[%clk 0:00:03]}  f4 {[%clk 0:00:04]} 40. Rg4 {[%clk 0:00:04]}  f3 {[%clk 0:00:05]} 41. Rg3 {[%clk 0:00:04]}  f2 {[%clk 0:00:05]} 42. Rg2 {[%clk 0:00:05]}  Rhf7 {[%clk 0:00:05]} 43. Rh1+ {[%clk 0:00:05]}  Rh7 {[%clk 0:00:06]} 44. Rf1 {[%clk 0:00:06]}  Rh3 {[%clk 0:00:06]} 45. Kc2 {[%clk 0:00:06]}  Rff3 {[%clk 0:00:05]} 46. Rfxf2 {[%clk 0:00:04]}  Rxf2+ {[%clk 0:00:06]} 47. Rxf2 {[%clk 0:00:05]}  Kg7 {[%clk 0:00:06]} 48. Kc3 {[%clk 0:00:04]}  Re3 {[%clk 0:00:06]} 49. Kd4 {[%clk 0:00:05]}  Re7 {[%clk 0:00:06]} 50. a4 {[%clk 0:00:05]}  Rd7+ {[%clk 0:00:07]} 51. Kc4 {[%clk 0:00:06]}  Kg6 {[%clk 0:00:07]} 52. d4 {[%clk 0:00:06]}  a5 {[%clk 0:00:06]} 53. Kc5 {[%clk 0:00:05]}  Rd5+ {[%clk 0:00:06]} 54. Kb6 {[%clk 0:00:01]}  Rxd4 {[%clk 0:00:06]} 55. Kxb7 {[%clk 0:00:02]}  Rxa4 {[%clk 0:00:06]} 56. Kxc6 {[%clk 0:00:02]}  Rb4 {[%clk 0:00:06]} 57. Kc5 {[%clk 0:00:03]}  Kg7 {[%clk 0:00:05]} 58. Rf1 {[%clk 0:00:03]}  Kg6 {[%clk 0:00:05]} 59. Ra1 {[%clk 0:00:03]}  Rxb2 {[%clk 0:00:05]} 60. Rxa5 {[%clk 0:00:04]}  Kg7 {[%clk 0:00:04]} 61. Rb5 {[%clk 0:00:04]} 1/2-1/2

[Event "April 9 Late 2024"]
[Site "Chess.com"]
[Date "2024.04.09"]
[Round "4"]
[White "Kovalev, Vladislav"]
[Black "Bernotas, Arturs"]
[Result "1-0"]
[Board "44"]
[WhiteFideId "13504398"]
[BlackFideId "11601426"]
[WhiteTitle "GM"]
[BlackTitle "FM"]
[WhiteElo "2869"]
[BlackElo "2604"]
[WhiteTeam "FID"]
[BlackTeam "LAT"]
[WhiteClock "0:00:44"]
[BlackClock "0:00:16"]
[Variant "Standard"]

1. e4 {[%clk 0:02:58]}  c5 {[%clk 0:02:55]} 2. Nf3 {[%clk 0:02:54]}  Nc6 {[%clk 0:02:55]} 3. Bb5 {[%clk 0:02:54]}  g6 {[%clk 0:02:51]} 4. Bxc6 {[%clk 0:02:51]}  bxc6 {[%clk 0:02:46]} 5. O-O {[%clk 0:02:50]}  Bg7 {[%clk 0:02:44]} 6. c3 {[%clk 0:02:33]}  d6 {[%clk 0:02:35]} 7. d4 {[%clk 0:02:31]}  cxd4 {[%clk 0:02:33]} 8. cxd4 {[%clk 0:02:32]}  Nf6 {[%clk 0:02:33]} 9. Nc3 {[%clk 0:02:32]}  O-O {[%clk 0:02:12]} 10. h3 {[%clk 0:02:32]}  d5 {[%clk 0:02:07]} 11. e5 {[%clk 0:02:31]}  Ne4 {[%clk 0:02:07]} 12. Re1 {[%clk 0:02:06]}  Nxc3 {[%clk 0:01:59]} 13. bxc3 {[%clk 0:02:07]}  Qa5 {[%clk 0:01:55]} 14. Qb3 {[%clk 0:02:01]}  Ba6 {[%clk 0:01:49]} 15. Ba3 {[%clk 0:02:00]}  Rfe8 {[%clk 0:01:44]} 16. Bb4 {[%clk 0:01:54]}  Qb6 {[%clk 0:01:27]} 17. Bc5 {[%clk 0:01:46]}  Qc7 {[%clk 0:01:17]} 18. e6 {[%clk 0:01:40]}  f6 {[%clk 0:01:16]} 19. Qc2 {[%clk 0:01:40]}  Rab8 {[%clk 0:01:06]} 20. g3 {[%clk 0:01:40]}  Bc4 {[%clk 0:01:05]} 21. Kg2 {[%clk 0:01:38]}  Rb5 {[%clk 0:01:05]} 22. Nd2 {[%clk 0:01:26]}  Qa5 {[%clk 0:00:46]} 23. Nxc4 {[%clk 0:01:24]}  dxc4 {[%clk 0:00:46]} 24. Rab1 {[%clk 0:01:22]}  Bf8 {[%clk 0:00:39]} 25. a4 {[%clk 0:01:17]}  Rbb8 {[%clk 0:00:34]} 26. Rb4 {[%clk 0:01:13]}  Rxb4 {[%clk 0:00:27]} 27. cxb4 {[%clk 0:01:14]}  Qa6 {[%clk 0:00:28]} 28. h4 {[%clk 0:01:05]}  Rd8 {[%clk 0:00:22]} 29. h5 {[%clk 0:01:06]}  Kg7 {[%clk 0:00:23]} 30. hxg6 {[%clk 0:00:56]}  hxg6 {[%clk 0:00:24]} 31. Rh1 {[%clk 0:00:56]}  Rd5 {[%clk 0:00:24]} 32. Qd2 {[%clk 0:00:53]}  Kg8 {[%clk 0:00:22]} 33. Qc2 {[%clk 0:00:45]}  Qc8 {[%clk 0:00:16]} 34. Qxg6+ {[%clk 0:00:44]}  Bg7 {[%clk 0:00:16]} 35. Qf7# {[%clk 0:00:44]} 1-0

[Event "April 9 Late 2024"]
[Site "Chess.com"]
[Date "2024.04.09"]
[Round "4"]
[White "Urazayev, Arystanbek"]
[Black "Olhovik, Andrei"]
[Result "1-0"]
[Board "45"]
[WhiteFideId "13709810"]
[BlackFideId "13507397"]
[WhiteTitle "IM"]
[BlackTitle "FM"]
[WhiteElo "2848"]
[BlackElo "2590"]
[WhiteTeam "KAZ"]
[BlackTeam "FID"]
[WhiteClock "0:01:45"]
[BlackClock "0:00:41"]
[Variant "Standard"]

1. d4 {[%clk 0:03:00]}  d5 {[%clk 0:02:54]} 2. Nf3 {[%clk 0:02:57]}  Nf6 {[%clk 0:02:54]} 3. c4 {[%clk 0:02:57]}  e6 {[%clk 0:02:54]} 4. Nc3 {[%clk 0:02:58]}  c5 {[%clk 0:02:53]} 5. e3 {[%clk 0:02:58]}  a6 {[%clk 0:02:52]} 6. cxd5 {[%clk 0:02:53]}  exd5 {[%clk 0:02:53]} 7. Be2 {[%clk 0:02:50]}  Nc6 {[%clk 0:02:53]} 8. O-O {[%clk 0:02:50]}  c4 {[%clk 0:02:50]} 9. Ne5 {[%clk 0:02:51]}  Bb4 {[%clk 0:02:49]} 10. f4 {[%clk 0:02:48]}  O-O {[%clk 0:02:49]} 11. Bf3 {[%clk 0:02:44]}  Bf5 {[%clk 0:02:43]} 12. Ne2 {[%clk 0:02:43]}  Ne4 {[%clk 0:02:37]} 13. g4 {[%clk 0:02:41]}  Bc8 {[%clk 0:02:09]} 14. Ng3 {[%clk 0:02:28]}  Nxg3 {[%clk 0:02:01]} 15. hxg3 {[%clk 0:02:28]}  f6 {[%clk 0:02:01]} 16. Nxc6 {[%clk 0:02:16]}  bxc6 {[%clk 0:02:02]} 17. Qa4 {[%clk 0:02:14]}  Qd6 {[%clk 0:01:58]} 18. a3 {[%clk 0:02:14]}  c5 {[%clk 0:01:46]} 19. axb4 {[%clk 0:02:12]}  cxb4 {[%clk 0:01:47]} 20. Qa5 {[%clk 0:02:10]}  Bb7 {[%clk 0:01:45]} 21. Bd2 {[%clk 0:02:11]}  Rfe8 {[%clk 0:01:03]} 22. Qxb4 {[%clk 0:02:08]}  Qxb4 {[%clk 0:01:02]} 23. Bxb4 {[%clk 0:02:09]}  Rxe3 {[%clk 0:01:02]} 24. Ra3 {[%clk 0:02:10]}  Rae8 {[%clk 0:00:59]} 25. Rxe3 {[%clk 0:02:09]}  Rxe3 {[%clk 0:01:00]} 26. Re1 {[%clk 0:02:09]}  Rd3 {[%clk 0:00:59]} 27. f5 {[%clk 0:01:54]}  h6 {[%clk 0:00:56]} 28. Kf2 {[%clk 0:01:47]}  Rxd4 {[%clk 0:00:52]} 29. Bc3 {[%clk 0:01:45]}  Rd3 {[%clk 0:00:52]} 30. Be2 {[%clk 0:01:46]}  d4 {[%clk 0:00:44]} 31. Bxd3 {[%clk 0:01:45]}  dxc3 {[%clk 0:00:41]} 32. Bxc4+ {[%clk 0:01:45]} 1-0

[Event "April 9 Late 2024"]
[Site "Chess.com"]
[Date "2024.04.09"]
[Round "4"]
[White "Yagupov, Igor"]
[Black "Yanchenko, Roman"]
[Result "0-1"]
[Board "46"]
[WhiteFideId "4113632"]
[BlackFideId "4137329"]
[WhiteTitle "GM"]
[BlackTitle "FM"]
[WhiteElo "2589"]
[BlackElo "2846"]
[WhiteTeam "RUS"]
[BlackTeam "RUS"]
[WhiteClock "0:00:02"]
[BlackClock "0:00:08"]
[Variant "Standard"]

1. e4 {[%clk 0:03:00]}  e6 {[%clk 0:03:00]} 2. d4 {[%clk 0:02:59]}  d5 {[%clk 0:03:00]} 3. Nc3 {[%clk 0:03:00]}  Bb4 {[%clk 0:03:00]} 4. e5 {[%clk 0:03:00]}  Ne7 {[%clk 0:03:00]} 5. a3 {[%clk 0:03:01]}  Bxc3+ {[%clk 0:03:01]} 6. bxc3 {[%clk 0:03:02]}  b6 {[%clk 0:03:02]} 7. Qg4 {[%clk 0:03:00]}  O-O {[%clk 0:03:02]} 8. h4 {[%clk 0:02:42]}  Kh8 {[%clk 0:03:02]} 9. h5 {[%clk 0:02:38]}  h6 {[%clk 0:03:02]} 10. Bd3 {[%clk 0:02:28]}  Ba6 {[%clk 0:03:02]} 11. Ne2 {[%clk 0:02:26]}  c5 {[%clk 0:03:02]} 12. Nf4 {[%clk 0:02:21]}  Bxd3 {[%clk 0:03:02]} 13. cxd3 {[%clk 0:02:20]}  Nbc6 {[%clk 0:02:59]} 14. Be3 {[%clk 0:02:17]}  cxd4 {[%clk 0:02:59]} 15. cxd4 {[%clk 0:02:16]}  Nf5 {[%clk 0:02:59]} 16. Ne2 {[%clk 0:02:08]}  Rc8 {[%clk 0:02:58]} 17. O-O {[%clk 0:02:03]}  f6 {[%clk 0:02:55]} 18. Nf4 {[%clk 0:01:56]}  Re8 {[%clk 0:02:12]} 19. Nxe6 {[%clk 0:01:51]}  Rxe6 {[%clk 0:02:11]} 20. Qxf5 {[%clk 0:01:51]}  Qe7 {[%clk 0:01:56]} 21. f4 {[%clk 0:01:48]}  Rf8 {[%clk 0:01:55]} 22. Qg4 {[%clk 0:01:45]}  f5 {[%clk 0:01:55]} 23. Qf3 {[%clk 0:01:44]}  Rc8 {[%clk 0:01:51]} 24. Qxd5 {[%clk 0:01:41]}  Rd8 {[%clk 0:01:46]} 25. Qc4 {[%clk 0:01:39]}  Qd7 {[%clk 0:01:46]} 26. Kh2 {[%clk 0:01:25]}  Ne7 {[%clk 0:01:24]} 27. Rfc1 {[%clk 0:01:17]}  Nd5 {[%clk 0:01:24]} 28. Bd2 {[%clk 0:01:16]}  Qf7 {[%clk 0:01:25]} 29. Kg1 {[%clk 0:01:12]}  Qxh5 {[%clk 0:01:25]} 30. Rf1 {[%clk 0:01:07]}  Rg6 {[%clk 0:01:22]} 31. Rf2 {[%clk 0:01:06]}  Rg4 {[%clk 0:01:03]} 32. Rf3 {[%clk 0:00:54]}  Rh4 {[%clk 0:01:02]} 33. Kf2 {[%clk 0:00:54]}  Rg4 {[%clk 0:00:38]} 34. Rg1 {[%clk 0:00:50]}  Qh4+ {[%clk 0:00:33]} 35. g3 {[%clk 0:00:50]}  Qe7 {[%clk 0:00:29]} 36. Bb4 {[%clk 0:00:45]}  Qe6 {[%clk 0:00:29]} 37. Bd6 {[%clk 0:00:44]}  Rc8 {[%clk 0:00:29]} 38. Qb3 {[%clk 0:00:39]}  Rg6 {[%clk 0:00:16]} 39. Qb2 {[%clk 0:00:34]}  Rc6 {[%clk 0:00:09]} 40. Rc1 {[%clk 0:00:32]}  Qc8 {[%clk 0:00:10]} 41. Rxc6 {[%clk 0:00:31]}  Qxc6 {[%clk 0:00:10]} 42. Kg2 {[%clk 0:00:24]}  Nxf4+ {[%clk 0:00:10]} 43. Kf2 {[%clk 0:00:23]}  Nh3+ {[%clk 0:00:09]} 44. Ke3 {[%clk 0:00:22]}  Rxg3 {[%clk 0:00:06]} 45. Rxg3 {[%clk 0:00:14]}  f4+ {[%clk 0:00:07]} 46. Kd2 {[%clk 0:00:09]}  fxg3 {[%clk 0:00:07]} 47. Qb3 {[%clk 0:00:07]}  g2 {[%clk 0:00:05]} 48. Qf7 {[%clk 0:00:05]}  g1=Q {[%clk 0:00:05]} 49. Qf8+ {[%clk 0:00:06]}  Kh7 {[%clk 0:00:06]} 50. Qf5+ {[%clk 0:00:05]}  Qg6 {[%clk 0:00:06]} 51. Qxh3 {[%clk 0:00:05]}  Qgg2+ {[%clk 0:00:07]} 52. Qxg2 {[%clk 0:00:05]}  Qxg2+ {[%clk 0:00:07]} 53. Kc3 {[%clk 0:00:02]}  Qd5 {[%clk 0:00:08]} 0-1